[Event "Chinese Chess League"]
[Site "CHN"]
[Date "2016.09.23"]
[EventDate "2016.04.12"]
[Round "12.6"]
[Result "1-0"]
[White "Ding Liren"]
[Black "Zhong Zhang"]
[WhiteElo "2777"]
[BlackElo "2634"]
[PlyCount "73"]

1. Nf3 f5 2. d3 Nf6 3. e4 d6 4. Nc3 Nc6 5. exf5 Bxf5 6. d4 Nb4
7. Bb5+ c6 8. Ba4 g6 9. O-O Bg7 10. Ne2 O-O 11. Ng3 Bd7 12. h3
b5 13. Bb3+ Nbd5 14. a4 b4 15. Re1 Kh8 16. Bg5 a5 17. Qd2 Ng8
18. Re4 Rf7 19. Rh4 Qf8 20. Re1 Re8 21. c4 bxc3 22. bxc3 Rxf3
23. gxf3 Qxf3 24. Bc2 Qf7 25. c4 Nb4 26. Bb1 Rf8 27. Ree4 Bf6
28. Re2 Qg7 29. Kh2 d5 30. c5 Bc8 31. f4 Qf7 32. f5 gxf5
33. Nh5 Bxg5 34. Qxg5 e6 35. Nf4 Qf6 36. Qh5 Rf7 37. Ng6+ 1-0

[Event "Chinese Chess League"]
[Site "CHN"]
[Date "2016.09.25"]
[EventDate "2016.04.12"]
[Round "14.6"]
[Result "0-1"]
[White "Yuanhe Zhao"]
[Black "Ding Liren"]
[WhiteElo "2313"]
[BlackElo "2777"]
[PlyCount "66"]

1. d4 d5 2. c4 e6 3. Nf3 c6 4. Qc2 Bd6 5. g3 f5 6. Bg2 Nf6
7. O-O O-O 8. Nc3 Ne4 9. Nxe4 dxe4 10. Nd2 Nd7 11. Nb3 a5
12. Be3 a4 13. Nd2 e5 14. c5 Bc7 15. f4 exf4 16. Bxf4 Bxf4
17. gxf4 Nf6 18. e3 Be6 19. b3 Nd5 20. Nc4 axb3 21. Qxb3 Nxe3
22. Qxe3 Bxc4 23. Rfb1 Rf7 24. a4 Bd3 25. Rb4 Qa5 26. Rb3 Rd8
27. Bh3 g6 28. Bg2 Rfd7 29. h4 Ba6 30. h5 Rxd4 31. hxg6 hxg6
32. Qg3 Kg7 33. Qg5 Qxc5 0-1

[Event "Chinese Chess League"]
[Site "CHN"]
[Date "2016.09.26"]
[EventDate "2016.04.12"]
[Round "15.2"]
[Result "1-0"]
[White "Ding Liren"]
[Black "Bu Xiangzhi"]
[WhiteElo "2777"]
[BlackElo "2719"]
[PlyCount "69"]

1. e4 c5 2. Nf3 Nc6 3. d4 cxd4 4. Nxd4 Nf6 5. Nc3 d6 6. Bg5
Bd7 7. Qd2 Nxd4 8. Qxd4 Qa5 9. f4 h6 10. Bxf6 gxf6 11. b4 Qb6
12. Qxb6 axb6 13. Nd5 Ra3 14. Bc4 f5 15. exf5 Bxf5 16. O-O-O
e6 17. Kb2 Ra7 18. Rhe1 Be7 19. Nxb6 Kd8 20. a4 d5 21. c3 Bg4
22. Be2 h5 23. h3 Bf5 24. Nxd5 Bd6 25. Ne3 Kc7 26. Nxf5 exf5
27. a5 Bxf4 28. Bf3 Bd6 29. Rd5 Raa8 30. Rxf5 Rh7 31. Bxh5 f6
32. Rb5 Ra6 33. Bf3 b6 34. Re6 Re7 35. Rxb6 1-0

[Event "Chinese Chess League"]
[Site "CHN"]
[Date "2016.10.30"]
[EventDate "2016.04.12"]
[Round "16.5"]
[Result "1/2-1/2"]
[White "Wang Hao"]
[Black "Ding Liren"]
[WhiteElo "2732"]
[BlackElo "2777"]
[PlyCount "66"]

1. Nf3 d5 2. g3 Nc6 3. d4 Bf5 4. Bg2 Nb4 5. Na3 e6 6. O-O h6
7. Ne5 Bd6 8. c3 Bxe5 9. dxe5 Nc6 10. Qb3 Qc8 11. Nb5 Nge7
12. f4 O-O 13. Nd4 Bh7 14. Qa3 a5 15. Be3 a4 16. Rac1 Rd8
17. Rfd1 Nxd4 18. cxd4 Qd7 19. Bd2 Be4 20. Bb4 Nc6 21. g4 Ra6
22. Be1 Rb6 23. Rc5 Ra8 24. b4 Ne7 25. Rdc1 c6 26. Ra5 Rxa5
27. bxa5 Rb5 28. Bf1 c5 29. Rxc5 Rb1 30. Rc1 Rxc1 31. Qxc1 Qb5
32. Qc5 Qb1 33. Bg3 Ng6 1/2-1/2

[Event "Chinese Chess League"]
[Site "CHN"]
[Date "2016.10.31"]
[EventDate "2016.04.12"]
[Round "17.3"]
[Result "1/2-1/2"]
[White "Ding Liren"]
[Black "Yu Ruiyuan"]
[WhiteElo "2777"]
[BlackElo "2516"]
[PlyCount "55"]

1. d4 d5 2. c4 c6 3. Nf3 Nf6 4. Nc3 dxc4 5. a4 e6 6. e3 c5
7. Bxc4 Nc6 8. O-O cxd4 9. Nxd4 Bd7 10. e4 Qb8 11. Re1 Bd6
12. Nxc6 Bxc6 13. Nd5 Nd7 14. Bg5 Ne5 15. Rc1 Ng6 16. h4 h6
17. h5 hxg5 18. hxg6 Bh2+ 19. Kf1 Bf4 20. Qf3 Bxd5 21. Bxd5
Bxc1 22. Bc6+ Kd8 23. Qd3+ Kc7 24. Qd7+ Kb6 25. Qd4+ Kc7
26. Qd7+ Kb6 27. Qd4+ Kc7 28. Qd7+ 1/2-1/2

[Event "Chinese Chess League"]
[Site "CHN"]
[Date "2016.11.01"]
[EventDate "2016.04.12"]
[Round "18.4"]
[Result "1/2-1/2"]
[White "Vladimir Malakhov"]
[Black "Ding Liren"]
[WhiteElo "2695"]
[BlackElo "2777"]
[PlyCount "65"]

1. Nf3 d5 2. e3 Nf6 3. c4 e6 4. b3 c5 5. Bb2 Nc6 6. cxd5 exd5
7. Bb5 Bd6 8. O-O O-O 9. d4 cxd4 10. Nxd4 Bc7 11. Nd2 Nxd4
12. Bxd4 Qd6 13. g3 Bh3 14. Re1 Rac8 15. Bd3 Ba5 16. Bxf6 Qxf6
17. Qh5 Qh6 18. Qxh6 gxh6 19. Red1 Bg4 20. f3 Bh5 21. g4 Bg6
22. Nf1 Bb6 23. Kg2 Rc3 24. Bxg6 hxg6 25. Rxd5 Rfc8 26. Rad1
Bxe3 27. Rd8+ Rxd8 28. Rxd8+ Kg7 29. Nxe3 Rxe3 30. Rd7 Re2+
31. Kg3 Re3 32. Kg2 Re2+ 33. Kg3 1/2-1/2

[Event "European Club Cup"]
[Site "Novi Sad SRB"]
[Date "2016.11.06"]
[EventDate "2016.11.06"]
[Round "1.2"]
[Result "1-0"]
[White "Ding Liren"]
[Black "Arnd Lauber"]
[WhiteElo "2764"]
[BlackElo "2434"]
[PlyCount "89"]

1. d4 Nf6 2. c4 e6 3. Nf3 b6 4. g3 Ba6 5. b3 d5 6. cxd5 exd5
7. Bg2 Bd6 8. O-O O-O 9. Nc3 Re8 10. Bb2 Bb7 11. Rc1 Na6
12. e3 c5 13. Re1 Nc7 14. dxc5 bxc5 15. Na4 Ne6 16. Re2 Rc8
17. Ne1 Bf8 18. Rd2 Ng5 19. Nd3 Nfe4 20. Rdc2 Qa5 21. Nf4 c4
22. Nc3 cxb3 23. axb3 Nxc3 24. Rxc3 Rcd8 25. Rc7 d4 26. Bxd4
Bxg2 27. Kxg2 Bd6 28. Rxa7 Qf5 29. h4 Bxf4 30. hxg5 Bxg5
31. Rcc7 Bf6 32. Rxf7 Qd5+ 33. Qf3 Qxf7 34. Rxf7 Kxf7 35. b4
Re6 36. b5 Kg8 37. Ba7 Be5 38. Qf5 Re7 39. Bc5 Bd6 40. Bd4 Bb8
41. b6 h6 42. f4 Rf7 43. Qe6 Rd6 44. Qc8+ Rf8 45. Qb7 1-0

[Event "European Club Cup"]
[Site "Novi Sad SRB"]
[Date "2016.11.07"]
[EventDate "2016.11.06"]
[Round "2.15"]
[Result "0-1"]
[White "Boban Bogosavljevic"]
[Black "Ding Liren"]
[WhiteElo "2520"]
[BlackElo "2764"]
[PlyCount "160"]

1. d4 Nf6 2. c4 e6 3. Nf3 d5 4. g3 Bb4+ 5. Bd2 Bd6 6. Nc3 O-O
7. Bg5 c6 8. Bg2 Nbd7 9. e4 dxe4 10. Nxe4 Bb4+ 11. Nc3 h6
12. Bf4 e5 13. dxe5 g5 14. exf6 gxf4 15. O-O Nxf6 16. Qc1 fxg3
17. hxg3 Ng4 18. a3 Ba5 19. Nh2 Qg5 20. Qxg5+ hxg5 21. Ne4 Ne5
22. c5 g4 23. Nd6 Bc7 24. Rad1 Bxd6 25. Rxd6 Bf5 26. f3 Rad8
27. fxg4 Rxd6 28. cxd6 Be6 29. Nf3 Nc4 30. g5 Rd8 31. Nd4 Bc8
32. Rf4 Nxd6 33. b4 Kg7 34. a4 Re8 35. Kf2 Re5 36. Nf3 Rd5
37. Rd4 Rxd4 38. Nxd4 Kg6 39. Nf3 Ne4+ 40. Ke3 Nxg5 41. a5
Nxf3 42. Bxf3 Kf6 43. Kd4 Ke7 44. Kc5 Kd7 45. b5 cxb5 46. Kxb5
Kd6 47. Kb4 f6 48. Bg2 Kc7 49. Kc5 Bd7 50. Bf1 Bc6 51. Bh3 b6+
52. axb6+ axb6+ 53. Kd4 Kd6 54. Bg4 b5 55. Be2 Bd7 56. Bf1 Kc6
57. Bd3 Be6 58. Be2 Kb6 59. Bf3 b4 60. Bh5 Bd7 61. Bf7 Kb5
62. Bb3 Be8 63. Ke4 Bg6+ 64. Kd4 Bh7 65. Bd1 Bg8 66. Ke4 Be6
67. Kd4 Bf7 68. Ke4 Be6 69. Kd4 Kc6 70. Ba4+ Kb6 71. Bd1 Kb5
72. Be2+ Ka4 73. Bd1+ Ka3 74. Ke3 b3 75. Kf4 b2 76. Bc2 Kb4
77. Bb1 Kc3 78. Ke3 Bb3 79. g4 Bc2 80. Ba2 Kb4 0-1

[Event "European Club Cup"]
[Site "Novi Sad SRB"]
[Date "2016.11.10"]
[EventDate "2016.11.06"]
[Round "5.1"]
[Result "0-1"]
[White "Ding Liren"]
[Black "Peter Svidler"]
[WhiteElo "2764"]
[BlackElo "2742"]
[PlyCount "88"]

1. d4 Nf6 2. c4 g6 3. g3 Bg7 4. Bg2 c5 5. Nf3 O-O 6. Nc3 cxd4
7. Nxd4 Nc6 8. O-O Qa5 9. e3 d6 10. h3 Bd7 11. Qe2 Rfc8
12. Rd1 Rab8 13. Bd2 Qe5 14. Nc2 a6 15. Nd5 Nxd5 16. cxd5 Na7
17. Bc3 Qg5 18. Bxg7 Kxg7 19. Nd4 Nb5 20. Nf3 Qf6 21. Rac1 Rc5
22. a4 Nc7 23. e4 Bxa4 24. e5 Qf5 25. b3 Bb5 26. Qb2 Rxc1
27. Rxc1 Ne8 28. Re1 dxe5 29. Nxe5 Nf6 30. Qd4 Rc8 31. Nc4 Qc2
32. Nb6 Rc3 33. Rxe7 Rxb3 34. Re1 Rd3 35. Qe5 Qc5 36. Na8 Rd2
37. Re3 Qc1+ 38. Re1 Qc2 39. d6 Rxf2 40. Bxb7 Rf5 41. Qe3 Bc6
42. Bxc6 Qxc6 43. Nc7 Qxd6 44. Qc3 Kh6 0-1

[Event "European Club Cup"]
[Site "Novi Sad SRB"]
[Date "2016.11.11"]
[EventDate "2016.11.06"]
[Round "6.1"]
[Result "1/2-1/2"]
[White "Vladimir Kramnik"]
[Black "Ding Liren"]
[WhiteElo "2810"]
[BlackElo "2764"]
[PlyCount "73"]

1. Nf3 d5 2. g3 g6 3. Bg2 Bg7 4. d4 Nf6 5. O-O O-O 6. c4 c6
7. Ne5 Nbd7 8. Nc3 Nxe5 9. dxe5 Ne4 10. cxd5 Nxc3 11. bxc3
cxd5 12. f4 Be6 13. Be3 f6 14. Qb3 fxe5 15. Rad1 Qc7 16. Bxd5
Bxd5 17. Rxd5 Kh8 18. fxe5 Rxf1+ 19. Kxf1 e6 20. Rd3 Qc6
21. Kg1 Bxe5 22. Qb4 Kg8 23. Bxa7 Bg7 24. Be3 h5 25. a3 Kh7
26. Qe7 Qe4 27. Qg5 Rf8 28. Rd7 Kg8 29. h3 Qb1+ 30. Bc1 Qc2
31. Rxg7+ Kxg7 32. Qe7+ Kg8 33. Qxe6+ Rf7 34. Qe8+ Rf8
35. Qe6+ Rf7 36. Qe8+ Rf8 37. Qe6+ 1/2-1/2

[Event "European Club Cup"]
[Site "Novi Sad SRB"]
[Date "2016.11.12"]
[EventDate "2016.11.06"]
[Round "7.1"]
[Result "1/2-1/2"]
[White "Ding Liren"]
[Black "Ernesto Inarkiev"]
[WhiteElo "2764"]
[BlackElo "2714"]
[PlyCount "103"]

1. d4 Nf6 2. c4 e6 3. Nf3 b6 4. g3 Bb7 5. Bg2 Be7 6. O-O O-O
7. Re1 Na6 8. Nc3 Ne4 9. Nxe4 Bxe4 10. Ne5 Bxg2 11. Kxg2 c5
12. d5 Qc7 13. Nf3 d6 14. e4 Qd7 15. h4 Nc7 16. Bg5 Rae8
17. dxe6 Nxe6 18. Bxe7 Rxe7 19. Qd3 Rfe8 20. Rad1 Nf8 21. b3
Qc6 22. Qxd6 Qxd6 23. Rxd6 Rxe4 24. Rxe4 Rxe4 25. Rd8 f6
26. Ra8 Re7 27. h5 Kf7 28. Nh4 Rd7 29. Nf5 g6 30. Nh6+ Kg7
31. Ng4 gxh5 32. Nxf6 Kxf6 33. Rxf8+ Kg6 34. Rg8+ Kf6 35. Ra8
Kg6 36. a4 Rd3 37. Rxa7 Rxb3 38. a5 b5 39. cxb5 Rxb5 40. a6 c4
41. Ra8 Kh6 42. Rc8 Ra5 43. Rc6+ Kg7 44. Kf3 c3 45. Ke3 c2
46. Kd2 Ra2 47. f3 Kf7 48. Rc7+ Kg6 49. Ra7 Ra3 50. Ra8 Kh6
51. Kxc2 Rxf3 52. a7 1/2-1/2

[Event "6th Chinese Master Rapid"]
[Site "Shenzhen CHN"]
[Date "2016.11.27"]
[EventDate "2016.11.27"]
[Round "1.4"]
[Result "1/2-1/2"]
[White "Yu Yangyi"]
[Black "Ding Liren"]
[WhiteElo "2721"]
[BlackElo "2764"]
[PlyCount "56"]

1. d4 d5 2. c4 c6 3. Nf3 Nf6 4. Nc3 e6 5. Bg5 h6 6. Bxf6 Qxf6
7. e3 g6 8. Bd3 Bg7 9. O-O O-O 10. e4 dxc4 11. Bxc4 Rd8
12. Qe2 b5 13. Bd3 e5 14. d5 Bg4 15. h3 Bxf3 16. Qxf3 Qxf3
17. gxf3 b4 18. Na4 cxd5 19. exd5 Nd7 20. Rfd1 Bf8 21. Rac1
Nb6 22. Nxb6 axb6 23. Bc4 Kg7 24. Bb3 Bc5 25. Re1 Rac8 26. Kg2
Bd4 27. Rxc8 Rxc8 28. f4 exf4 1/2-1/2

[Event "6th Chinese Master Rapid"]
[Site "Shenzhen CHN"]
[Date "2016.11.27"]
[EventDate "2016.11.27"]
[Round "2.1"]
[Result "1/2-1/2"]
[White "Bu Xiangzhi"]
[Black "Ding Liren"]
[WhiteElo "2698"]
[BlackElo "2764"]
[PlyCount "92"]

1. d4 d5 2. Bf4 c5 3. dxc5 Nc6 4. e4 Nf6 5. exd5 Nxd5 6. Bg3
Bf5 7. c3 e6 8. Nd2 Bxc5 9. Ngf3 O-O 10. Be2 Qe7 11. O-O Rfd8
12. Re1 h6 13. Qa4 a6 14. Nb3 Ba7 15. Nbd4 Nxd4 16. Nxd4 Bg6
17. Rad1 Rac8 18. Nf3 Bh5 19. Qb3 Nf6 20. Ne5 Bxe2 21. Rxe2
Rxd1+ 22. Qxd1 Rd8 23. Rd2 Rxd2 24. Qxd2 Ne4 25. Qe2 f5
26. Kf1 Kh7 27. Nd3 Qd7 28. Be5 Qd5 29. f3 Ng5 30. b3 b5
31. Bf4 Nf7 32. Be3 Bb8 33. Bf4 e5 34. Bg3 a5 35. Bf2 Ng5
36. Nc5 e4 37. fxe4 Nxe4 38. Nxe4 fxe4 39. h3 Bf4 40. c4 bxc4
41. Qxc4 Qd1+ 42. Be1 Qb1 43. Qd5 Bg3 44. Qf5+ Kh8 45. Qf8+
Kh7 46. Qf5+ Kh8 1/2-1/2

[Event "6th Chinese Master Rapid"]
[Site "Shenzhen CHN"]
[Date "2016.11.27"]
[EventDate "2016.11.27"]
[Round "3.4"]
[Result "1-0"]
[White "Ding Liren"]
[Black "Lu Shanglei"]
[WhiteElo "2764"]
[BlackElo "2616"]
[PlyCount "75"]

1. Nf3 d5 2. g3 c6 3. Bg2 Bf5 4. c4 e6 5. cxd5 cxd5 6. Qb3 Qb6
7. Qxb6 axb6 8. Nc3 Nc6 9. O-O h6 10. d3 Nf6 11. Nb5 Kd7
12. Be3 Bc5 13. d4 Be7 14. Ne5+ Nxe5 15. dxe5 Ne4 16. Rfc1
Rhc8 17. Rxc8 Rxc8 18. Bxb6 Rc2 19. Bd4 Rxe2 20. Rc1 Nc5
21. Bf1 Rc2 22. Rxc2 Bxc2 23. Nd6 Bxd6 24. Bb5+ Kc7 25. exd6+
Kxd6 26. Bxg7 Nd3 27. f4 Ke7 28. Bxd3 Bxd3 29. Bxh6 f6 30. Bg7
Kf7 31. Bh8 Kg6 32. g4 d4 33. Kf2 Bc4 34. b3 Bd5 35. h4 Kf7
36. g5 fxg5 37. fxg5 d3 38. Ke3 1-0

[Event "6th Chinese Master Rapid"]
[Site "Shenzhen CHN"]
[Date "2016.11.28"]
[EventDate "2016.11.27"]
[Round "4.2"]
[Result "1/2-1/2"]
[White "Zhou Jianchao"]
[Black "Ding Liren"]
[WhiteElo "2635"]
[BlackElo "2764"]
[PlyCount "45"]

1. Nf3 d5 2. d4 Nf6 3. c4 c6 4. Nc3 e6 5. cxd5 exd5 6. Qc2
Nbd7 7. Bg5 Be7 8. e3 Nh5 9. Bxe7 Qxe7 10. Be2 Nb6 11. Ne5 Nf6
12. O-O O-O 13. Rac1 Be6 14. Bd3 Nc8 15. Na4 Nd6 16. Nc5 g6
17. Nxe6 Qxe6 18. Rfe1 a5 19. h3 Nd7 20. Nf3 Nf6 21. Ne5 Nd7
22. Nf3 Nf6 23. Ne5 1/2-1/2

[Event "6th Chinese Master Rapid"]
[Site "Shenzhen CHN"]
[Date "2016.11.28"]
[EventDate "2016.11.27"]
[Round "5.3"]
[Result "1/2-1/2"]
[White "Ding Liren"]
[Black "Yinglun Xu"]
[WhiteElo "2764"]
[BlackElo "2527"]
[PlyCount "116"]

1. Nf3 Nf6 2. g3 d5 3. Bg2 c6 4. c4 Bf5 5. O-O e6 6. cxd5 exd5
7. d3 Be7 8. Qb3 Qc8 9. Nc3 O-O 10. Nd4 Bg6 11. Bf4 Na6
12. Rac1 Nc5 13. Qd1 a5 14. a3 Qd8 15. b4 Ne6 16. Nxe6 fxe6
17. Qb3 axb4 18. axb4 Bf7 19. Qb1 Nd7 20. b5 c5 21. Qc2 Nb6
22. Ra1 Qd7 23. Be5 Bd6 24. Bxd6 Qxd6 25. e4 Qd7 26. exd5 exd5
27. Qd2 d4 28. Ne4 c4 29. Rxa8 Rxa8 30. dxc4 Nxc4 31. Qf4 h6
32. Nc5 Qxb5 33. Qxd4 Qb6 34. Rd1 Nb2 35. Rb1 Rc8 36. Rxb2
Qxc5 37. Qxc5 Rxc5 38. Bxb7 Bd5 39. Bxd5+ Rxd5 40. Kg2 Kf7
41. Kf3 Ra5 42. Kg4 Rg5+ 43. Kh4 Ra5 44. f4 Ra4 45. Kh5 Ra5+
46. Kg4 g6 47. Rb7+ Kf6 48. Rh7 h5+ 49. Kh4 Ra2 50. h3 Ra1
51. Rb7 Ra5 52. Rb6+ Kg7 53. Rb7+ Kh6 54. g4 hxg4 55. hxg4 g5+
56. fxg5+ Rxg5 57. Rh7+ Kxh7 58. Kxg5 Kg7 1/2-1/2

[Event "6th Chinese Master Rapid"]
[Site "Shenzhen CHN"]
[Date "2016.11.28"]
[EventDate "2016.11.27"]
[Round "6.3"]
[Result "1/2-1/2"]
[White "Wei Yi"]
[Black "Ding Liren"]
[WhiteElo "2706"]
[BlackElo "2764"]
[PlyCount "57"]

1. e4 e5 2. Nf3 Nc6 3. Bb5 a6 4. Ba4 Nf6 5. O-O Nxe4 6. d4 b5
7. Bb3 d5 8. dxe5 Be6 9. c3 Bc5 10. Qd3 O-O 11. Be3 Bxe3
12. Qxe3 Na5 13. Nbd2 Nxd2 14. Nxd2 Qc8 15. f4 c5 16. Bc2 f5
17. exf6 Rxf6 18. Qd3 g6 19. f5 gxf5 20. Rae1 Ra7 21. b4 cxb4
22. cxb4 Nc6 23. Bb3 Kh8 24. Nf3 Rg7 25. Rc1 Bg8 26. Nd4 Qd7
27. Nxf5 Ne5 28. Qc2 Rg5 29. Ng3 1/2-1/2

[Event "6th Chinese Master Rapid"]
[Site "Shenzhen CHN"]
[Date "2016.11.29"]
[EventDate "2016.11.27"]
[Round "7.2"]
[Result "1-0"]
[White "Ding Liren"]
[Black "Wang Yue"]
[WhiteElo "2764"]
[BlackElo "2723"]
[PlyCount "123"]

1. d4 Nf6 2. c4 e6 3. Nf3 d5 4. g3 Be7 5. Bg2 O-O 6. O-O dxc4
7. Qc2 a6 8. a4 Bd7 9. Qxc4 Bc6 10. Bf4 Bd6 11. Qc1 Nbd7
12. Nc3 Nd5 13. Ne5 Nxc3 14. Qxc3 Bxg2 15. Kxg2 Nf6 16. Qb3
Rb8 17. Rfd1 Nd5 18. Bd2 f5 19. Nd3 Qf6 20. e3 c6 21. Bb4 Bxb4
22. Nxb4 Nxb4 23. Qxb4 Rfd8 24. Rac1 Qf8 25. Qb3 Qe7 26. Rc5
Kh8 27. Rdc1 Ra8 28. Qb6 h6 29. b4 Rd6 30. Re5 Qd7 31. h4 Kh7
32. Qc5 Rd5 33. Rxd5 exd5 34. Qb6 Rf8 35. b5 axb5 36. axb5 Rf6
37. Rc5 Rg6 38. bxc6 bxc6 39. Qb1 Qe6 40. Qd1 Qe4+ 41. Kh2 Rf6
42. Qc1 Qe6 43. Qc2 g5 44. h5 Kg7 45. Ra5 Qf7 46. Qe2 f4
47. exf4 gxf4 48. g4 Qc7 49. Ra6 Rf7 50. Qe6 Rf6 51. Qe8 Qf7
52. Qe5 Kh7 53. Ra7 Qxa7 54. Qxf6 Qg7 55. Qf5+ Kg8 56. Qxf4
Qe7 57. Kg3 c5 58. dxc5 Qxc5 59. Qxh6 d4 60. Qg6+ Kh8 61. h6
Qe5+ 62. Kg2 1-0

[Event "Chinese Chess League"]
[Site "CHN"]
[Date "2016.12.02"]
[EventDate "2016.04.12"]
[Round "19.4"]
[Result "1-0"]
[White "Ding Liren"]
[Black "Jinshi Bai"]
[WhiteElo "2777"]
[BlackElo "2564"]
[PlyCount "95"]

1. Nf3 Nf6 2. g3 g6 3. Bg2 Bg7 4. c4 c5 5. d4 d5 6. Nc3 O-O
7. dxc5 Qa5 8. cxd5 Nxd5 9. Qxd5 Bxc3+ 10. bxc3 Qxc3+ 11. Qd2
Qxa1 12. O-O Nc6 13. Bb2 Qxa2 14. Ra1 Qc4 15. Rc1 Qb4 16. Bc3
Qxc5 17. Qh6 f6 18. Bxf6 Qxc1+ 19. Qxc1 exf6 20. Nd2 Be6
21. Ne4 Rad8 22. h4 Bd5 23. h5 Bxe4 24. Bxe4 gxh5 25. Qh6 Rd7
26. Qxh5 Re7 27. Qc5 Rfe8 28. f3 a6 29. Qf5 Rf8 30. g4 Ne5
31. Kf2 Ng6 32. Qc5 Rfe8 33. g5 Re5 34. Qc4+ Kg7 35. gxf6+
Kxf6 36. Qd4 Kg5 37. Qd2+ Kf6 38. Bd3 Kg7 39. Kg3 R5e7
40. Qb2+ Kh6 41. Qb6 Rf8 42. f4 Kg7 43. Qc5 Rfe8 44. Qd4+ Kf8
45. Bc4 Rc8 46. f5 Ne5 47. Be6 Rg7+ 48. Kh3 1-0

[Event "Chinese Chess League"]
[Site "CHN"]
[Date "2016.12.03"]
[EventDate "2016.04.12"]
[Round "20.3"]
[Result "0-1"]
[White "Kaifeng Yu"]
[Black "Ding Liren"]
[WhiteElo "2220"]
[BlackElo "2777"]
[PlyCount "68"]

1. d4 d6 2. Nf3 g6 3. c4 Nf6 4. Nc3 Bg7 5. e4 O-O 6. Be2 Na6
7. Bg5 h6 8. Bh4 g5 9. Bg3 Nh5 10. O-O c5 11. Qd2 g4 12. Nh4
cxd4 13. Nb5 e5 14. Nf5 Bxf5 15. exf5 Nc5 16. Bxg4 Nf6 17. Bh4
a6 18. Bxf6 Bxf6 19. Na3 Bg5 20. Qe2 d3 21. Qe1 Re8 22. b4 Nd7
23. Bf3 e4 24. Bxe4 Nf6 25. f3 d5 26. cxd5 d2 27. Qb1 Rc8
28. Qd3 Qb6+ 29. Kh1 Qxb4 30. d6 Rc3 31. Nc2 Qc5 32. d7 Rxd3
33. dxe8=Q+ Nxe8 34. Bxd3 Qc3 0-1

[Event "Chinese Chess League"]
[Site "CHN"]
[Date "2016.12.04"]
[EventDate "2016.04.12"]
[Round "21.5"]
[Result "1-0"]
[White "Ding Liren"]
[Black "Yan Liu"]
[WhiteElo "2777"]
[BlackElo "2413"]
[PlyCount "97"]

1. d4 Nf6 2. c4 e6 3. Nf3 Bb4+ 4. Nbd2 O-O 5. a3 Bxd2+ 6. Qxd2
Qe7 7. e3 d6 8. b4 b6 9. Be2 Bb7 10. O-O Nbd7 11. Bb2 Ne4
12. Qc2 f5 13. d5 c5 14. dxc6 Bxc6 15. Nd4 Bb7 16. f3 Nef6
17. Rfd1 a6 18. a4 Rfc8 19. Qd2 Ne5 20. Rac1 Nf7 21. Nb3 Bc6
22. b5 axb5 23. cxb5 Bd5 24. Nd4 Qd7 25. Nc6 Qb7 26. a5 bxa5
27. Nxa5 Qd7 28. Qb4 Rcb8 29. Bxf6 gxf6 30. b6 Qd8 31. Rb1 Ne5
32. Rdc1 Nd7 33. b7 Rxa5 34. Rc8 Rxc8 35. bxc8=Q Qxc8 36. Qxa5
Kf7 37. Qa7 Kg6 38. Qd4 Ne5 39. Kf2 Qc2 40. Rd1 Nc6 41. Qd2
Qc5 42. Rc1 Qb6 43. Qc2 Kh6 44. Rb1 Qa7 45. Qb2 Ne5 46. Qb8
Qa2 47. Rb2 Qa3 48. Rb4 Nf7 49. Qf8+ 1-0

[Event "Chinese Chess League"]
[Site "CHN"]
[Date "2016.12.05"]
[EventDate "2016.04.12"]
[Round "22.2"]
[Result "1/2-1/2"]
[White "Zhou Jianchao"]
[Black "Ding Liren"]
[WhiteElo "2612"]
[BlackElo "2777"]
[PlyCount "61"]

1. d4 d5 2. c4 e6 3. Nc3 c6 4. e3 Nd7 5. Nf3 f5 6. Bd3 Nh6
7. Qc2 Bd6 8. Rb1 a5 9. a3 O-O 10. b4 axb4 11. axb4 dxc4
12. Bxc4 Nb6 13. Be2 Nd5 14. b5 Bd7 15. O-O Ng4 16. Nxd5 cxd5
17. Bd2 Qb8 18. h3 Nh2 19. Nxh2 Bxh2+ 20. Kh1 Bd6 21. Ra1 Qd8
22. Rxa8 Qxa8 23. Qb2 Qa3 24. Qxa3 Bxa3 25. Ra1 Bd6 26. Ra7
Bc8 27. f4 b6 28. h4 Rf7 29. Rxf7 Kxf7 30. g3 Bd7 31. Kg2
1/2-1/2

[Event "Shenzhen Masters"]
[Site "Shenzhen CHN"]
[Date "2017.03.23"]
[EventDate "2017.03.23"]
[Round "1.3"]
[Result "1/2-1/2"]
[White "Yu Yangyi"]
[Black "Ding Liren"]
[WhiteElo "2750"]
[BlackElo "2759"]
[PlyCount "175"]

1. c4 c6 2. Nf3 d5 3. g3 g6 4. Qa4 dxc4 5. Qxc4 Bg7 6. d4 Be6
7. Qa4 Bd5 8. Nbd2 Nf6 9. Qc2 Qa5 10. Bg2 c5 11. O-O cxd4
12. Qc8+ Qd8 13. Qxd8+ Kxd8 14. Nxd4 Bxg2 15. Kxg2 Kd7
16. N2f3 Rc8 17. Bf4 Ke8 18. Rac1 Nbd7 19. Nb5 Nd5 20. Rfd1
Nxf4+ 21. gxf4 Nc5 22. Nfd4 a6 23. Nc3 Rd8 24. Nf3 Rac8
25. Rxd8+ Rxd8 26. Nd1 Ne6 27. e3 Rd5 28. Kf1 Ra5 29. a3 Rc5
30. Rxc5 Nxc5 31. Ke2 Kd7 32. Ng5 f6 33. Nf3 f5 34. b4 Ne4
35. Kd3 Bf6 36. a4 Kd6 37. Nd4 Bxd4 38. Kxd4 Nd2 39. Kd3 Nf3
40. Ke2 Nxh2 41. f3 Kd5 42. Nb2 b6 43. Kf2 a5 44. bxa5 bxa5
45. Kg2 Kc5 46. Nd3+ Kc4 47. Ne5+ Kb4 48. Kxh2 Kxa4 49. Nc6
Kb5 50. Nxe7 a4 51. Nd5 a3 52. Nc3+ Kc4 53. Na2 Kb3 54. e4
Kxa2 55. e5 Kb1 56. e6 a2 57. e7 a1=Q 58. e8=Q Qd4 59. Kg3 h5
60. Qe1+ Kc2 61. Qe2+ Qd2 62. Qc4+ Kd1 63. Qb3+ Ke1 64. Qb1+
Qd1 65. Qb6 h4+ 66. Kxh4 Qxf3 67. Qg1+ Ke2 68. Kg5 Qh5+
69. Kf6 Kf3 70. Qf1+ Kg3 71. Qc1 Qg4 72. Ke5 Qf3 73. Qg1+ Qg2
74. Qe1+ Qf2 75. Qc1 Kg4 76. Qd1+ Kh3 77. Qh1+ Kg3 78. Qc1 Qb6
79. Qe1+ Kg2 80. Qc1 Kh2 81. Qd2+ Kh3 82. Qc1 Qb5+ 83. Kf6 Kg4
84. Kxg6 Qb6+ 85. Kf7 Qd4 86. Ke6 Qxf4 87. Qg1+ Kh4 88. Qg6
1/2-1/2

[Event "Shenzhen Masters"]
[Site "Shenzhen CHN"]
[Date "2017.03.24"]
[EventDate "2017.03.22"]
[Round "2"]
[Result "1/2-1/2"]
[White "Anish Giri"]
[Black "Ding Liren"]
[WhiteElo "2769"]
[BlackElo "2759"]
[PlyCount "73"]

1. c4 c6 2. d4 d5 3. Nf3 Nf6 4. e3 e6 5. Bd3 Nbd7 6. O-O Bd6
7. Nc3 O-O 8. e4 dxc4 9. Bxc4 e5 10. Be3 exd4 11. Bxd4 Qc7
12. Kh1 Ne5 13. Nxe5 Bxe5 14. Bxe5 Qxe5 15. f4 Qc5 16. Bd3 Rd8
17. Qf3 Be6 18. h3 Rxd3 19. Qxd3 Bc4 20. Qd2 Bxf1 21. Rxf1 Re8
22. Rd1 Qb4 23. a3 Qc4 24. Qd4 Qxd4 25. Rxd4 Re7 26. e5 Nd7
27. g3 Kf8 28. Kg2 Nc5 29. Kf3 f6 30. Rd8+ Kf7 31. Ne4 Nxe4
32. Kxe4 fxe5 33. fxe5 Re8 34. Rd7+ Re7 35. Rd8 Re8 36. Rd7+
Re7 37. Rd8 1/2-1/2

[Event "Shenzhen Masters"]
[Site "Shenzhen CHN"]
[Date "2017.03.25"]
[EventDate "2017.03.22"]
[Round "3"]
[Result "1-0"]
[White "Ding Liren"]
[Black "Peter Svidler"]
[WhiteElo "2759"]
[BlackElo "2741"]
[PlyCount "87"]

1. c4 c6 2. Nf3 d5 3. d4 Nf6 4. e3 a6 5. Nc3 b5 6. b3 Bg4
7. a4 bxc4 8. bxc4 Nbd7 9. a5 e5 10. Be2 Bxf3 11. Bxf3 Bb4
12. Bd2 O-O 13. O-O dxc4 14. Qe2 exd4 15. exd4 Bxa5 16. Qxc4
Rc8 17. Qxa6 Bb6 18. Be3 c5 19. Na4 cxd4 20. Nxb6 Qxb6
21. Qxb6 Nxb6 22. Bxd4 Nc4 23. Rfd1 Rfe8 24. g3 h6 25. Kg2 Ne5
26. Be2 Re6 27. h3 Nc6 28. Ba6 Rd8 29. Be3 Rxd1 30. Rxd1 Ne5
31. Bb5 g5 32. Rc1 Rd6 33. Rc8+ Kg7 34. Ba4 Ra6 35. Bb3 Rc6
36. Ra8 Rc3 37. Ba2 Rc2 38. Ra7 Nc4 39. Bd4 Nd6 40. Rd7 Nb5
41. Rxf7+ Kg8 42. Bxf6 Rxa2 43. Rg7+ Kf8 44. Rb7 1-0

[Event "Shenzhen Masters"]
[Site "Shenzhen CHN"]
[Date "2017.03.26"]
[EventDate "2017.03.23"]
[Round "4.2"]
[Result "1/2-1/2"]
[White "Ding Liren"]
[Black "Pentala Harikrishna"]
[WhiteElo "2759"]
[BlackElo "2758"]
[PlyCount "60"]

1. c4 Nf6 2. d4 e6 3. Nf3 d5 4. Nc3 Bb4 5. Bg5 h6 6. Bxf6 Qxf6
7. Qa4+ Nc6 8. e3 O-O 9. Rc1 Rd8 10. a3 Bxc3+ 11. Rxc3 e5
12. cxd5 exd4 13. Rc5 Bg4 14. Nxd4 Nxd4 15. Qxd4 Qxd4 16. exd4
b6 17. Rxc7 Rxd5 18. Bc4 Re8+ 19. Kd2 Rxd4+ 20. Kc3 Rd7
21. Rxd7 Bxd7 22. Rd1 Bc6 23. Bd5 Ba4 24. b3 Rc8+ 25. Kb2 Be8
26. Bb7 Rc7 27. Bf3 Bd7 28. Rd3 Kf8 29. Rc3 Rxc3 30. Kxc3 Ke7
1/2-1/2